Efficacy of glyphosate and its mixtures against weeds under young rubber forest plantation (Record no. 58409)

MARC details
000 -LEADER
fixed length control field 01823nam a2200253Ia 4500
100 ## - MAIN ENTRY--AUTHOR NAME
Personal name Ahmad Faiz M A
245 #0 - TITLE STATEMENT
Title Efficacy of glyphosate and its mixtures against weeds under young rubber forest plantation
260 ## - PUBLICATION, DISTRIBUTION, ETC. (IMPRINT)
Name of publisher Journal of Rubber Research
Year of publication 2006
300 ## - PHYSICAL DESCRIPTION
Number of Pages 50-60
520 ## - SUMMARY, ETC.
Summary, etc Weed infestation is a major problem during the early stages of establishment of rubber forest plantation. Currently, information on effective weed control system in young rubber forest plantation is limited. As the rubber forest plantation is often located in remote areas, a weed control system which provides longer duration of weed control is preferred. Trials were conducted to determine effective rates of glyphosate isopropylamine and its mixtures against mixed weeds. Glyphosate isopropylamine at 1.08 kg ae/ha mixed with metsulfuron methyl (0.03 kg ai/ha), fluroxypyr (0.3 kg ae/ha), dicamba (0.6 kg ae/ha) or premixed picloram + 2,4-D(0.097 kg ae/ha + 0.36 kg ae/ha) were effective. Glufosinate ammonium at 0.9 kg ae/ha gave shorter duration of control against mixed weeds compared to glyphosate (1.08 kg ae/ha) + metsulfuron methyl (0.03 kg ai/ha). Glyphosate isopropylamine (1.08 kg ae/ha) + metsulfuron methyl (0.03 kg ai/ha) at two or four rounds per year provided more effective weed control than slashing. Slashing at two or four rounds was ineffective and at two rounds per year gave rise to serious weed regeneration.
650 ## - SUBJECT ADDED ENTRY--TOPICAL TERM
Topical Term 2,4-D
650 ## - SUBJECT ADDED ENTRY--TOPICAL TERM
Topical Term Dicamba
650 ## - SUBJECT ADDED ENTRY--TOPICAL TERM
Topical Term Fluroxypyr
650 ## - SUBJECT ADDED ENTRY--TOPICAL TERM
Topical Term Glyphosate isopropylamine mixtures
650 ## - SUBJECT ADDED ENTRY--TOPICAL TERM
Topical Term Metsulfuron methyl
650 ## - SUBJECT ADDED ENTRY--TOPICAL TERM
Topical Term Mixed weeds
650 ## - SUBJECT ADDED ENTRY--TOPICAL TERM
Topical Term Picloram
650 ## - SUBJECT ADDED ENTRY--TOPICAL TERM
Topical Term Rubber forest plantation
650 ## - SUBJECT ADDED ENTRY--TOPICAL TERM
Topical Term Slashing
650 ## - SUBJECT ADDED ENTRY--TOPICAL TERM
Topical Term Weed control
650 ## - SUBJECT ADDED ENTRY--TOPICAL TERM
Topical Term Young rubber
942 ## - ADDED ENTRY ELEMENTS (KOHA)
Koha item type Journals
Holdings
Withdrawn status Lost status Damaged status Not for loan Home library Current library Shelving location Date acquired Serial Enumeration / chronology Koha item type
      Journals RRII Library RRII Library Agronomy 01/01/2021 Volume 9, Issue 1 Journals